Nhiên liệu và dầu mỡ dùng cho xe,máy /

Na minha lista:
Detalhes bibliográficos
Autor principal: Nguyễn Ngọc Am
Formato: Livro
Idioma:Vietnamese
Publicado em: H. : Công nhân kỹ thuật , 1977
Edição:In lần thứ 1
Assuntos:
Tags: Adicionar Tag
Sem tags, seja o primeiro a adicionar uma tag!
Thư viện lưu trữ: Thư viện Trường CĐ Kỹ Thuật Cao Thắng
LEADER 00720nam a2200217 a 4500
001 TVCDKTCT100
003 Thư viện trường Cao đẳng Kỹ thuật Cao Thắng
005 20050729000000
008 050729
980 \ \ |a Thư viện Trường CĐ Kỹ Thuật Cao Thắng 
024 |a RG_1 #1 eb0 i1 
041 0 # |a vie 
082 # # |a 665.5385 /   |b NG527A-n 
100 1 # |a Nguyễn Ngọc Am 
245 0 0 |a Nhiên liệu và dầu mỡ dùng cho xe,máy /  |c Nguyễn Ngọc Am 
250 # # |a In lần thứ 1 
260 # # |a H. :  |b Công nhân kỹ thuật ,  |c 1977 
300 # # |a 121tr. ;  |c 19cm 
650 # 4 |a Cơ khí 
650 # 4 |a Động cơ đốt trong 
650 # 4 |a Cơ khí--Máy móc